| 000 | 01788nam a2200397 c 4500 | ||
|---|---|---|---|
| 003 | BLK | ||
| 005 | 20180420230429.0 | ||
| 008 | 180409b bul|||||r ||||||| ||bul|| | ||
| 010 | _aKNG00111853000 | ||
| 020 |
_a954-535-317-1 _bиздат.: Нов бълг. унив. |
||
| 040 | _aBLK | ||
| 041 |
_aBUL _cBUL |
||
| 080 |
_aПарламентарна демокрация _b321.72 _x(497.2)(075.8) _z321.72(497.2)(075.8) |
||
| 080 |
_aДържавно право. Конституционно право. Административно право. Вж и 321 ; 35 _b342 _x(497.2)(075.8) _z342(497.2)(075.8) |
||
| 100 | 1 |
_aМихайлова, Екатерина Иванова _eпърви автор _9310658 |
|
| 139 |
_aМихайлова, Екатерина Иванова _bМ 74 |
||
| 245 | 1 | 0 |
_aПарламентаризъм и правова държава в България _bПринципи и практики _cЕкатерина Иванова Михайлова. |
| 257 | _aBGR | ||
| 260 |
_аСофия _bНов бълг. унив. _c2004 _fСофия : Планета - 3 |
||
| 300 |
_a472 с. _c24 см |
||
| 380 | _a3 | ||
| 500 | _aОфс. изд. - Библиогр. с. 469-471. | ||
| 504 | _a469-471 | ||
| 650 | 4 |
_aПарламентаризъм _9165750 |
|
| 650 | 4 |
_aБългария - държавно право и държавно устройство _9273482 |
|
| 653 | _aпарламентаризъм | ||
| 653 | _aдържавно право | ||
| 653 | _aдържавно устройство | ||
| 653 | _aБългария | ||
| 653 | _aучебници за ВУЗ | ||
| 852 | _aЦб 218679 | ||
| 856 | 4 |
_qpdf _u |
|
| 856 | 4 |
_qpdf _u |
|
| 942 |
_cKNG _n0 |
||
| 944 |
_aCR _c22.03.2004 _kЛюдмила_Стоянова |
||
| 944 |
_aED _c01.12.2014 _kВиолета_Тройчева |
||
| 999 |
_c106592 _d106592 |
||